<?xml version="1.0" encoding="UTF-8"?>
<record
    xmlns:xsi="http://www.w3.org/2001/XMLSchema-instance"
    xsi:schemaLocation="http://www.loc.gov/MARC21/slim http://www.loc.gov/standards/marcxml/schema/MARC21slim.xsd"
    xmlns="http://www.loc.gov/MARC21/slim">

  <leader>03147nam a22002417a 4500</leader>
  <controlfield tag="003">NALT</controlfield>
  <controlfield tag="005">20260128095032.0</controlfield>
  <controlfield tag="008">260122b        th ||||| |||| 00| 0 tha d</controlfield>
  <datafield tag="020" ind1=" " ind2=" ">
    <subfield code="a">9786166236491</subfield>
  </datafield>
  <datafield tag="040" ind1=" " ind2=" ">
    <subfield code="a">&#xE4C;NALT</subfield>
  </datafield>
  <datafield tag="050" ind1=" " ind2=" ">
    <subfield code="a">HC 445</subfield>
    <subfield code="b">&#xE28;545&#xE0A; 2568</subfield>
  </datafield>
  <datafield tag="100" ind1="0" ind2=" ">
    <subfield code="a">&#xE28;&#xE34;&#xE27;&#xE30; &#xE2B;&#xE07;&#xE29;&#xE4C;&#xE19;&#xE20;&#xE32;.</subfield>
    <subfield code="9">67298</subfield>
  </datafield>
  <datafield tag="245" ind1="1" ind2="0">
    <subfield code="a">&#xE0A;&#xE27;&#xE19;&#xE04;&#xE34;&#xE14; &#xE40;&#xE28;&#xE23;&#xE29;&#xE10;&#xE01;&#xE34;&#xE08;&#xE44;&#xE17;&#xE22; /</subfield>
    <subfield code="c">&#xE28;&#xE34;&#xE27;&#xE30; &#xE2B;&#xE07;&#xE29;&#xE4C;&#xE19;&#xE20;&#xE32;.</subfield>
  </datafield>
  <datafield tag="250" ind1=" " ind2=" ">
    <subfield code="a">&#xE1E;&#xE34;&#xE21;&#xE1E;&#xE4C;&#xE04;&#xE23;&#xE31;&#xE49;&#xE07;&#xE17;&#xE35;&#xE48; 1.</subfield>
  </datafield>
  <datafield tag="260" ind1=" " ind2=" ">
    <subfield code="a">&#xE21;.&#xE1B;.&#xE17;.</subfield>
    <subfield code="b">&#xE21;.&#xE1B;.&#xE1E;.</subfield>
    <subfield code="c">2568.</subfield>
  </datafield>
  <datafield tag="300" ind1=" " ind2=" ">
    <subfield code="a">310 &#xE2B;&#xE19;&#xE49;&#xE32; :</subfield>
    <subfield code="b">&#xE15;&#xE32;&#xE23;&#xE32;&#xE07;, &#xE41;&#xE1C;&#xE19;&#xE20;&#xE39;&#xE21;&#xE34; ;</subfield>
    <subfield code="c">21 &#xE0B;&#xE21;.</subfield>
  </datafield>
  <datafield tag="505" ind1="2" ind2=" ">
    <subfield code="a">&#xE1A;&#xE17;&#xE17;&#xE35;&#xE48; 1 &#xE40;&#xE28;&#xE23;&#xE29;&#xE10;&#xE28;&#xE32;&#xE2A;&#xE15;&#xE23;&#xE4C;&#xE08;&#xE32;&#xE01;&#xE19;&#xE34;&#xE17;&#xE32;&#xE19; -- &#xE1A;&#xE17;&#xE17;&#xE35;&#xE48; 2 &#xE40;&#xE28;&#xE23;&#xE29;&#xE10;&#xE28;&#xE32;&#xE2A;&#xE15;&#xE23;&#xE4C;&#xE40;&#xE23;&#xE34;&#xE48;&#xE21;&#xE08;&#xE32;&#xE01;&#xE01;&#xE32;&#xE23;&#xE1C;&#xE25;&#xE34;&#xE15; &#xE44;&#xE21;&#xE48;&#xE44;&#xE0A;&#xE48; C+I+G+X-M -- &#xE1A;&#xE17;&#xE17;&#xE35;&#xE48; 3 &#xE40;&#xE21;&#xE37;&#xE48;&#xE2D;&#xE21;&#xE35;&#xE04;&#xE19;&#xE21;&#xE32;&#xE01; &#xE01;&#xE47;&#xE15;&#xE49;&#xE2D;&#xE07;&#xE21;&#xE35;&#xE1C;&#xE39;&#xE49;&#xE1B;&#xE01;&#xE04;&#xE23;&#xE25;&#xE07; &#xE40;&#xE21;&#xE37;&#xE48;&#xE2D;&#xE21;&#xE35;&#xE1C;&#xE39;&#xE49;&#xE1B;&#xE01;&#xE04;&#xE23;&#xE2D;&#xE07;&#xE01;&#xE47;&#xE15;&#xE49;&#xE2D;&#xE07;&#xE21;&#xE35;&#xE20;&#xE32;&#xE29;&#xE35; -- &#xE1A;&#xE17;&#xE17;&#xE35;&#xE48; 4 &#xE08;&#xE30;&#xE44;&#xE2B;&#xE49;&#xE40;&#xE28;&#xE23;&#xE29;&#xE10;&#xE01;&#xE34;&#xE08;&#xE04;&#xE36;&#xE01;&#xE04;&#xE31;&#xE01; &#xE15;&#xE49;&#xE2D;&#xE07;&#xE21;&#xE35;&#xE15;&#xE31;&#xE27;&#xE01;&#xE25;&#xE32;&#xE07;&#xE43;&#xE19;&#xE01;&#xE32;&#xE23;&#xE41;&#xE25;&#xE01;&#xE40;&#xE1B;&#xE25;&#xE35;&#xE48;&#xE22;&#xE19;&#xE41;&#xE25;&#xE30;&#xE15;&#xE49;&#xE2D;&#xE07;&#xE21;&#xE35;&#xE2A;&#xE34;&#xE19;&#xE40;&#xE0A;&#xE37;&#xE48;&#xE2D; -- &#xE1A;&#xE17;&#xE17;&#xE35;&#xE48; 5 &#xE04;&#xE38;&#xE13;&#xE20;&#xE32;&#xE1E;&#xE0A;&#xE35;&#xE27;&#xE34;&#xE15;&#xE08;&#xE30;&#xE14;&#xE35;&#xE21;&#xE32;&#xE01;&#xE02;&#xE36;&#xE49;&#xE19; &#xE16;&#xE49;&#xE32;&#xE21;&#xE35;&#xE01;&#xE32;&#xE23;&#xE41;&#xE25;&#xE01;&#xE40;&#xE1B;&#xE25;&#xE35;&#xE48;&#xE22;&#xE19; &#xE44;&#xE21;&#xE48;&#xE1C;&#xE25;&#xE34;&#xE15;&#xE40;&#xE09;&#xE1E;&#xE32;&#xE30;&#xE17;&#xE35;&#xE48;&#xE40;&#xE23;&#xE32;&#xE17;&#xE33;&#xE44;&#xE14;&#xE49;&#xE40;&#xE1E;&#xE35;&#xE22;&#xE07;&#xE41;&#xE04;&#xE48;&#xE43;&#xE2B;&#xE49;&#xE1E;&#xE2D;&#xE21;&#xE35;&#xE1E;&#xE2D;&#xE01;&#xE34;&#xE19; -- &#xE1A;&#xE17;&#xE17;&#xE35;&#xE48; 6 &#xE40;&#xE21;&#xE37;&#xE48;&#xE2D;&#xE21;&#xE35;&#xE01;&#xE32;&#xE23;&#xE41;&#xE25;&#xE01;&#xE40;&#xE1B;&#xE25;&#xE35;&#xE48;&#xE22;&#xE19;&#xE23;&#xE30;&#xE2B;&#xE27;&#xE48;&#xE32;&#xE07;&#xE1B;&#xE23;&#xE30;&#xE40;&#xE17;&#xE28; &#xE01;&#xE47;&#xE15;&#xE49;&#xE2D;&#xE07;&#xE21;&#xE35;&#xE2A;&#xE01;&#xE38;&#xE25;&#xE40;&#xE07;&#xE34;&#xE19;&#xE23;&#xE30;&#xE2B;&#xE27;&#xE48;&#xE32;&#xE07;&#xE1B;&#xE23;&#xE30;&#xE40;&#xE17;&#xE28; &#xE21;&#xE35;&#xE2D;&#xE31;&#xE15;&#xE23;&#xE32;&#xE41;&#xE25;&#xE01;&#xE40;&#xE1B;&#xE25;&#xE35;&#xE48;&#xE22;&#xE19; &#xE41;&#xE25;&#xE30;&#xE21;&#xE35;&#xE40;&#xE07;&#xE34;&#xE19;&#xE2A;&#xE33;&#xE23;&#xE2D;&#xE07;&#xE23;&#xE30;&#xE2B;&#xE27;&#xE48;&#xE32;&#xE07;&#xE1B;&#xE23;&#xE30;&#xE40;&#xE17;&#xE28; -- &#xE1A;&#xE17;&#xE17;&#xE35;&#xE48; 7 &#xE1B;&#xE23;&#xE34;&#xE21;&#xE32;&#xE13;&#xE40;&#xE07;&#xE34;&#xE19;&#xE43;&#xE19;&#xE23;&#xE30;&#xE1A;&#xE1A;&#xE40;&#xE28;&#xE23;&#xE29;&#xE10;&#xE01;&#xE34;&#xE08;&#xE17;&#xE35;&#xE48;&#xE40;&#xE2B;&#xE21;&#xE32;&#xE30;&#xE2A;&#xE21; &#xE41;&#xE25;&#xE30;&#xE04;&#xE27;&#xE32;&#xE21;&#xE40;&#xE02;&#xE49;&#xE32;&#xE43;&#xE08;&#xE40;&#xE01;&#xE35;&#xE48;&#xE22;&#xE27;&#xE01;&#xE31;&#xE1A;&#xE2D;&#xE31;&#xE15;&#xE23;&#xE32;&#xE40;&#xE07;&#xE34;&#xE19;&#xE40;&#xE1F;&#xE49;&#xE2D; -- &#xE1A;&#xE17;&#xE17;&#xE35;&#xE48; 8 &#xE40;&#xE23;&#xE32;&#xE08;&#xE30;&#xE21;&#xE35;&#xE04;&#xE27;&#xE32;&#xE21;&#xE2A;&#xE32;&#xE21;&#xE32;&#xE23;&#xE16;&#xE43;&#xE19;&#xE01;&#xE32;&#xE23;&#xE1C;&#xE25;&#xE34;&#xE15;&#xE17;&#xE35;&#xE48;&#xE14;&#xE35;&#xE02;&#xE36;&#xE49;&#xE19;&#xE44;&#xE14;&#xE49;&#xE2D;&#xE22;&#xE48;&#xE32;&#xE07;&#xE44;&#xE23; -- &#xE1A;&#xE17;&#xE17;&#xE35;&#xE48; 9 &#xE01;&#xE32;&#xE23;&#xE40;&#xE15;&#xE34;&#xE1A;&#xE42;&#xE15;&#xE02;&#xE2D;&#xE07;&#xE2A;&#xE23;&#xE23;&#xE1E;&#xE2A;&#xE34;&#xE48;&#xE07;&#xE15;&#xE49;&#xE2D;&#xE07;&#xE15;&#xE31;&#xE49;&#xE07;&#xE2D;&#xE22;&#xE39;&#xE48;&#xE1A;&#xE19;&#xE23;&#xE30;&#xE1A;&#xE1A;&#xE19;&#xE34;&#xE40;&#xE27;&#xE28;&#xE17;&#xE35;&#xE48;&#xE14;&#xE35; &#xE40;&#xE28;&#xE23;&#xE29;&#xE10;&#xE01;&#xE34;&#xE08;&#xE01;&#xE47;&#xE40;&#xE0A;&#xE48;&#xE19;&#xE40;&#xE14;&#xE35;&#xE22;&#xE27;&#xE01;&#xE31;&#xE19; -- &#xE1A;&#xE17;&#xE17;&#xE35;&#xE48; 10 &#xE1B;&#xE31;&#xE0D;&#xE2B;&#xE32;&#xE40;&#xE28;&#xE23;&#xE29;&#xE10;&#xE01;&#xE34;&#xE08;&#xE40;&#xE01;&#xE34;&#xE14;&#xE02;&#xE36;&#xE49;&#xE19;&#xE44;&#xE14;&#xE49;&#xE2D;&#xE22;&#xE48;&#xE32;&#xE07;&#xE44;&#xE23; &#xE17;&#xE33;&#xE2D;&#xE22;&#xE48;&#xE32;&#xE07;&#xE44;&#xE23;&#xE08;&#xE36;&#xE07;&#xE08;&#xE30;&#xE21;&#xE35;&#xE1B;&#xE31;&#xE0D;&#xE2B;&#xE32;&#xE25;&#xE14;&#xE25;&#xE07; -- &#xE1A;&#xE17;&#xE2A;&#xE48;&#xE07;&#xE17;&#xE49;&#xE32;&#xE22; 1 &#xE27;&#xE34;&#xE01;&#xE24;&#xE15;&#xE40;&#xE28;&#xE23;&#xE29;&#xE10;&#xE01;&#xE34;&#xE08; 2540 -- &#xE1A;&#xE17;&#xE2A;&#xE48;&#xE07;&#xE17;&#xE49;&#xE32;&#xE22; 2 &#xE27;&#xE34;&#xE01;&#xE24;&#xE15;&#xE42;&#xE04;&#xE27;&#xE34;&#xE14; - 19 -- &#xE1A;&#xE17;&#xE2A;&#xE48;&#xE07;&#xE17;&#xE49;&#xE32;&#xE22; 3 &#xE27;&#xE34;&#xE01;&#xE24;&#xE15;&#xE01;&#xE1A;&#xE15;&#xE49;&#xE21; 2549 - &#xE1B;&#xE31;&#xE08;&#xE08;&#xE38;&#xE1A;&#xE31;&#xE19;.</subfield>
  </datafield>
  <datafield tag="651" ind1=" " ind2="4">
    <subfield code="a">&#xE44;&#xE17;&#xE22;</subfield>
    <subfield code="x">&#xE20;&#xE32;&#xE27;&#xE30;&#xE40;&#xE28;&#xE23;&#xE29;&#xE10;&#xE01;&#xE34;&#xE08;</subfield>
    <subfield code="9">3477</subfield>
  </datafield>
  <datafield tag="942" ind1=" " ind2=" ">
    <subfield code="c">GB</subfield>
    <subfield code="2">lcc</subfield>
  </datafield>
  <datafield tag="996" ind1=" " ind2=" ">
    <subfield code="a">jidapa.t</subfield>
    <subfield code="b">ACQSTF</subfield>
    <subfield code="c">2026-01-22</subfield>
  </datafield>
  <datafield tag="996" ind1=" " ind2=" ">
    <subfield code="a">varee.k</subfield>
    <subfield code="b">LIBSTF</subfield>
    <subfield code="c">2026-01-23</subfield>
  </datafield>
  <datafield tag="996" ind1=" " ind2=" ">
    <subfield code="a">saiphon.d</subfield>
    <subfield code="b">CATSTF	</subfield>
    <subfield code="c">2026-01-28</subfield>
  </datafield>
  <datafield tag="999" ind1=" " ind2=" ">
    <subfield code="c">107693</subfield>
    <subfield code="d">107693</subfield>
  </datafield>
  <datafield tag="998" ind1=" " ind2=" ">
    <subfield code="j">104</subfield>
    <subfield code="k"> &#xE19;&#xE32;&#xE07;&#xE2A;&#xE32;&#xE27;&#xE2A;&#xE32;&#xE22;&#xE1D;&#xE19;  &#xE14;&#xE35;&#xE07;&#xE32;&#xE21;</subfield>
  </datafield>
  <datafield tag="952" ind1=" " ind2=" ">
    <subfield code="0">0</subfield>
    <subfield code="1">0</subfield>
    <subfield code="2">lcc</subfield>
    <subfield code="4">0</subfield>
    <subfield code="7">0</subfield>
    <subfield code="8">CGBL</subfield>
    <subfield code="a">NALT</subfield>
    <subfield code="b">NALT</subfield>
    <subfield code="c">GEN</subfield>
    <subfield code="d">2026-01-22</subfield>
    <subfield code="e">54</subfield>
    <subfield code="l">0</subfield>
    <subfield code="o">HC 445 &#xE28;545&#xE0A; 2568</subfield>
    <subfield code="p">3961216072</subfield>
    <subfield code="r">2026-01-22 00:00:00</subfield>
    <subfield code="w">2026-01-22</subfield>
    <subfield code="y">GB</subfield>
  </datafield>
</record>
